Normal view MARC view
  • Reveloution of Pakistan

Entry Topical Term

Number of records used in: 1

001 - CONTROL NUMBER

  • control field: 110873

003 - CONTROL NUMBER IDENTIFIER

  • control field: NUST

005 - DATE AND TIME OF LATEST TRANSACTION

  • control field: 20230321130529.0

008 - FIXED-LENGTH DATA ELEMENTS

  • fixed length control field: 230321|| aca||aabn | a|a d

040 ## - CATALOGING SOURCE

  • Original cataloging agency: NUST
  • Transcribing agency: NUST

150 ## - HEADING--TOPICAL TERM

  • Topical term or geographic name entry element: Reveloution of Pakistan

670 ## - SOURCE DATA FOUND

  • Source citation: Work cat.: (NUST)188069: Khan,Roedad 110872, Pakistan - Inquilab Ke Dahanay Per / پاکستان انقلاب کے دہانے پر (Urdu) /, 1998
© 2023 Central Library, National University of Sciences and Technology. All Rights Reserved.